000 00651nam a2200241Ia 4500
001 49296
005 20240114003945.0
007 ta
008 090525s g b000 u Eng u
040 _aCottonCollege,Assam
041 _aEng
082 _a820
_bH 364 P
100 _aEllis, Havelock .
245 0 _aThe Prose Writings Of Heinrich Heine /
_cHavelock Ellis.
_hTextual Documents
250 _a1st ed. /
260 _aLondon :
_bThe Walter Scott Publishing ,
_cNd.
300 _axx,327p. ;
_c16 cm..
653 _aT/G-English
653 _aEnglish Literature
942 _2ddc
_cBK
999 _c49261
_d49261